Sports Quiz

Random Sports or NFL Quiz

QBs with 100+ Consecutive Starts Quiz Stats

 Plays Quiz Updated Jan 1, 2020

Support Sporcle.
Go Orange.
Score 0/11 Timer 05:00
0 Plays Today
% Correct
Tom Brady
87.7%
Peyton Manning
85.7%
Eli Manning
84.2%
Brett Favre
84%
Russell Wilson
78.8%
Philip Rivers
76.5%
Matt Ryan
63.9%
Matthew Stafford
60.3%
Joe Flacco
51%
Ron Jaworski
19.1%
Joe Ferguson
13.8%

You're not logged in!

Compare scores with friends on all Sporcle quizzes.
OR
Log In

From the Vault

One-Third Missing Word: TV Shows

by MSUKent

Someone might need to put some foil on their TV antenna. Wait, does anyone do that anymore?
Remove Ads.
Support Sporcle.
Get the best of Sporcle when you Go Orange. This ad-free experience offers more features, more stats, and more fun while also helping to support Sporcle. Thank you for becoming a member.

Show Comments

Extras

Top Quizzes Today


Score Distribution

Your Account Isn't Verified!

In order to create a playlist on Sporcle, you need to verify the email address you used during registration. Go to your Sporcle Settings to finish the process.

Report this User

Report this user for behavior that violates our Community Guidelines.

Details: